Psicología de la conducta industrial
Αποθηκεύτηκε σε:
| Κύριοι συγγραφείς: | , |
|---|---|
| Μορφή: | Βιβλίο |
| Γλώσσα: | Ισπανικά |
| Έκδοση: |
Ciudad de México
McGraw-Hill
1977
|
| Θέματα: | |
| Ετικέτες: |
Προσθήκη ετικέτας
Δεν υπάρχουν, Καταχωρήστε ετικέτα πρώτοι!
|
MARC
| LEADER | 00000nam a2200000 a 4500 | ||
|---|---|---|---|
| 001 | UCR9386 | ||
| 003 | CL-VaPUC | ||
| 008 | 980613e19770000MX |||||||||||||||||spa|d | ||
| 082 | 0 | 4 | |a 158.7 |b SMI |2 21 |
| 100 | 0 | |a Smith, Henry Clay |e author |9 411864 | |
| 700 | 0 | |a Wakeley, John H |e author |9 411865 | |
| 245 | 1 | 0 | |a Psicología de la conducta industrial |
| 300 | |a 407 p | ||
| 942 | |c BK | ||
| 945 | |d 19980613 00:00:00 |a crobeson | ||
| 260 | |a Ciudad de México |b McGraw-Hill |c 1977 | ||
| 650 | 0 | |a Psicología industrial |9 271739 | |
| 650 | 0 | |a Psicología aplicada |9 270762 | |
| 650 | 0 | |a Problemas, ejercicios, etc |9 259377 | |
| 583 | |a last modification |c 19980613 00:00:00 |k Rodrigo Vera | ||
| 999 | |c 270584 |d 270582 | ||
| 952 | |0 0 |1 0 |4 0 |6 158_700000000000000_SMI_1977 |7 0 |8 A |9 304918 |a BIBENE |b BIBENE |d 2019-11-20 |i 1411713 |o 158.7 SMI 1977 |p 1411713 |r 2024-01-16 |w 2019-11-20 |y BK |k ICO | ||
| 952 | |0 0 |1 0 |4 0 |6 158_700000000000000_SMI_1977 |7 0 |8 A |9 304919 |a BIBENE |b BIBENE |d 2019-11-20 |i 1411756 |o 158.7 SMI 1977 |p 1411756 |r 2024-01-16 |w 2019-11-20 |y BK |k ICO | ||